Red vs Blue Characters Quiz Stats

 Plays Quiz not verified by Sporcle

Challenge
Share
Tweet
Embed
Score 0/28 Timer 05:00
0 Plays Today
Famous Quote % Correct
Shotgun Damn It!Sargent Sarge
96.4%
It's not pink, it's more of a lightish red# Private Franklin Delano Donut
95%
Bow Chicka Bow WowPrivate First Class Lavernius Tucker
94.7%
I am a motherf**kin' ghost.Private Leonard L. Church
94.3%
�Por qué usted me hace preguntas si usted nunca entiende las respuestas?Lopez La Pesado
93.6%
PROTECT ME CONE!!!Minor Junior Private Negative First Class Dexter Grif
92.5%
That guy Tex is really a robot and your his boyfriend so that makes you... a gay robotPrivate Michael J. Caboose
91.1%
You ever wonder why we're here?Private First Class Dick Simmons
90.4%
Blarg Chicka Honk HonkJunior
81.5%
Thats just a matter of penis... err... i mean opinionFreelancer Texas (Allison)
75.8%
that was the worst throw ever, of all timeFreelancer Washington (David)
74%
Wanna see my ping-pong ball trick?Sister
68%
Blarg Blarg Blarg HonkThe Alien
62.3%
Memory is the KeyDelta
61.2%
Famous Quote % Correct
Stupid ShisnoGamma
60.5%
Sorry ol' chapFreelancer Wyoming (Reggie)
59.1%
What are ya gonna do Wash? Shoot me?Freelancer South Dakota
55.2%
Shut up you fool!O'Malley
52%
A good love is like a great memoryEpsilon
49.8%
Hey, you can't make an omelet without blowing up a few eggs.Andy
48.8%
I wanna go back to my wall!Medical Officer Frank 'Doc' DuFresne
48.8%
This doesn't seem physically possible!Jimmy
47.3%
GrrrrrrrFreelancer Maine
47.3%
Don't even think about it buster!Sheila
43.4%
Sup Dude!Vic
36.7%
I'm alergic to asprin... herg blargCaptain Butch Flowers
36.3%
It's just one of the things that makes us human.Freelancer New York
30.6%
WHAT IN THE HELL IS THAT THING!!!!C.T.
23.5%

You're not logged in!

Compare scores with friends on all Sporcle quizzes.
OR
Log In

You Might Also Like...

Show Comments

Extras

Created Jan 18, 2011ReportNominate
Tags:Church Quiz, halo

Top Quizzes Today


Score Distribution

Your Account Isn't Verified!

In order to create a playlist on Sporcle, you need to verify the email address you used during registration. Go to your Sporcle Settings to finish the process.

Report this User

Report this user for behavior that violates our Community Guidelines.

Details: